Nárok na dovolenku pri organizačných zmenách
Dovolenka pri dočasnom uvoľnení na výkon práce pre iného zamestnávateľa. Dovolenka pri dohodách o prácach vykonávaných mimo pracovného pomeru. Čerpanie dovolenky. Dodatková a osobitná dodatková dovolenka.
Enregistré dans:
| Auteur principal: | |
|---|---|
| Format: | Chapitre de livre |
| Langue: | slovaque |
| Sujets: | |
| Tags: |
Pas de tags, Soyez le premier à ajouter un tag!
|
MARC
| LEADER | 00000naa a2200000 4500 | ||
|---|---|---|---|
| 001 | r041549 | ||
| 005 | 20230801100442.9 | ||
| 041 | 0 | |a slo | |
| 044 | |a SK | ||
| 245 | 1 | 0 | |a Nárok na dovolenku pri organizačných zmenách |c Anna Jendrálová |
| 520 | |a Dovolenka pri dočasnom uvoľnení na výkon práce pre iného zamestnávateľa. Dovolenka pri dohodách o prácach vykonávaných mimo pracovného pomeru. Čerpanie dovolenky. Dodatková a osobitná dodatková dovolenka. | ||
| 610 | 2 | 0 | |a dovolenka |
| 610 | 2 | 0 | |a doba pracovná |
| 610 | 2 | 0 | |a zákonník práce |
| 610 | 2 | 0 | |a zmeny organizačné |
| 610 | 2 | 0 | |a Slovensko |
| 100 | 1 | |a Jendrálová, Anna | |